| 000 | 00408pab a2200157 454500 | ||
|---|---|---|---|
| 008 | 180718b2010 xxu||||| |||| 00| 0 eng d | ||
| 100 | _aGhoshroy, Subrata | ||
| 245 | _aThe New START treaty: a real step towards disarmament or a dead end? | ||
| 260 | _c2010 | ||
| 300 | _ap.18-20. | ||
| 362 | _a1 May | ||
| 650 | _adisarmament | ||
| 773 | _aEconomic and Political Weekly | ||
| 908 | _aN | ||
| 909 | _a86666 | ||
| 999 |
_c86666 _d86666 |
||